Where was that movie? - City Edition - Statistics

General Stats
  • This quiz has been taken 23 times
  • The average score is 11 of 25
Answer Stats
Hint Answer % Correct
Slumdog Millionaire Mumbai
82%
8 Mile Detroit
76%
The Departed Boston
71%
Trainspotting Edinburgh
71%
The Hangover Las Vegas
71%
City Of God Rio de Janeiro
65%
Lost In Translation Tokyo
65%
Gone With The Wind Atlanta
59%
Anchorman San Diego
59%
Finding Nemo Sydney
59%
Hotel Rwanda Kigali
53%
Before Sunrise / Before Sunset / Before Midnight Paris
53%
Dirty Harry San Francisco
47%
Chungking Express Hong Kong
41%
The Full Monty Sheffield
41%
Jaws Amity Island
35%
There's Something About Mary Providence / Miami
29%
Midnight In The Garden Of Good And Evil Savannah
29%
Battleship Potemkin Odessa
24%
The Third Man Vienna
24%
Wallace And Gromit Wigan, Greater Manchester
24%
Midnight Express Istanbul
18%
Wedding Crashers Washington
18%
Bruce Almighty Buffalo
12%
Cujo Castle Rock
6%
No matching quizzes found
Score Distribution
Percent of People with Each Score
Percentile by Number Answered
Your Score History
You have not taken this quiz